Каверзные вопросы - Statistics

General Stats
  • This quiz has been taken 22 times
  • The average score is 6 of 15
Answer Stats
Вопрос Ответ % Correct
Сколько видов пингвинов обитает на Северном полюсе? 0
81%
Какой день находится посреди недели? Четверг
67%
Чем отличается девять от десяти? Буквой
57%
В каких фильмах актёры играют максимально натурально? В документальных
48%
Что в исторической перспективе к нам невероятно близко, но и чего никогда не возможно достигнуть? Будущее
48%
Каким бесполезным металлом люди пользуются чаще всех других? Золото
48%
Что хочет человек, который ничего не хочет? Всё
38%
Каких животных Ной не смог взять с собой на Ковчег? Рыб
33%
Люди, говорящие со всеми остальными в мире только на одном языке так, что их при этом понимают Глухонемые
33%
Какой вид одежды всегда выделяют отдельно? Обувь
33%
Чем, по сути, являются песочные часы? Таймером
24%
Какое водное создание всегда предвещает людям большое горе? Рак
19%
Почему Земля не имеет форму шара? Она имеет форму геоида
14%
Какой месяц является вторым по короткости? Февраль в високосные года
10%
Отражение чего, по сути, нельзя увидеть в зеркале? Другого зеркала
0%
No matching quizzes found
Score Distribution
Percent of People with Each Score
Percentile by Number Answered
Your Score History
You have not taken this quiz